000 00299cam a22001211 4500
050 0 0 _aPS3509.V43
_bB4
100 1 _aEvans, Virginia Moran,
_d1909-
245 1 0 _aBee in the wind /
260 _aFrancestown, N.H.,
_bGolden Quill Press
_c[1965]
300 _a96 p.
500 _aPoems.
942 _2lcc
_cGEN
999 _c10672
_d10672